[Event "World Blitz 2023"]
[Site "Samarkand UZB"]
[Date "2023.12.29"]
[EventDate "2023.12.29"]
[Round "5.76"]
[Result "0-1"]
[White "Jamshid Mustafaev"]
[Black "Timur Yonal"]
[WhiteElo "2323"]
[BlackElo "1862"]
[PlyCount "52"]

1. e4 c5 2. Nf3 d6 3. d3 Nf6 4. g3 g6 5. Bg2 Bg7 6. O-O O-O 7. Nbd2 Nc6 8.
Re1 e5 9. a4 Ne8 10. Nc4 h6 11. c3 f5 12. Nfd2 f4 13. Nf1 g5 14. Bf3 Nf6
15. gxf4 exf4 16. e5 dxe5 17. Nxe5 Nxe5 18. Rxe5 g4 19. Be4 Qd6 20. d4 Nxe4
21. Rxe4 b6 22. d5 h5 23. f3 gxf3 24. Qxf3 Bg4 25. Qg2 f3 26. Qd2 f2+ 0-1

[Event "World Blitz 2023"]
[Site "Samarkand UZB"]
[Date "2023.12.29"]
[EventDate "2023.12.29"]
[Round "5.77"]
[Result "0-1"]
[White "Rojas Salas, Steven"]
[Black "Nikolay Tregubenko"]
[WhiteElo "2210"]
[BlackElo "1955"]
[PlyCount "80"]

1. d4 Nf6 2. c4 g6 3. g3 Bg7 4. Bg2 O-O 5. Nc3 d6 6. Nf3 c6 7. O-O Nbd7 8.
e4 e5 9. Be3 Qc7 10. h3 a6 11. Qc2 exd4 12. Nxd4 Nc5 13. Rad1 Ne6 14. a4
Nxd4 15. Bxd4 Be6 16. b3 Rad8 17. Qb2 Ne8 18. Ne2 Bxd4 19. Nxd4 Ng7 20. f4
c5 21. Nf3 Rfe8 22. Kh2 Bd7 23. Qc2 Bc6 24. Rde1 b5 25. axb5 axb5 26. f5 f6
27. Nh4 g5 28. Nf3 Re7 29. Nd2 Rde8 30. Nb1 b4 31. Nd2 Ra8 32. Ra1 Ree8 33.
Qd3 h5 34. Kg1 Kh7 35. h4 g4 36. Rfe1 Kg8 37. Nf1 Rxa1 38. Rxa1 Ra8 39.
Rxa8+ Bxa8 40. e5 0-1

[Event "World Blitz 2023"]
[Site "Samarkand UZB"]
[Date "2023.12.29"]
[EventDate "2023.12.29"]
[Round "5.78"]
[Result "0-1"]
[White "Mustafokhuja Khusenkhojaev"]
[Black "Miraziz Kuziev"]
[WhiteElo "2082"]
[BlackElo "2196"]
[PlyCount "72"]

1. d4 Nf6 2. c4 e6 3. g3 d5 4. Nf3 b6 5. cxd5 exd5 6. Bg2 Bb4+ 7. Bd2 Be7
8. O-O Bb7 9. Bf4 O-O 10. Qc2 c5 11. Nc3 Nc6 12. Rfd1 Qc8 13. Rac1 Rd8 14.
a3 h6 15. dxc5 bxc5 16. Na4 Ne4 17. Nd2 Nd4 18. Qd3 Ba6 19. Qxd4 cxd4 20.
Rxc8 Raxc8 21. Nxe4 dxe4 22. Bxe4 Bxe2 23. Rd2 Rc1+ 24. Kg2 Bd1 25. b3 Bxb3
26. Rb2 Rc4 27. Rxb3 Rxa4 28. Rb7 Bc5 29. Bc2 Rxa3 30. Bb3 Rf8 31. Bc4 Rc3
32. Bd5 d3 33. Rd7 Rc2 34. Be4 Rxf2+ 35. Kh3 g5 36. Be5 Re2 0-1

[Event "World Blitz 2023"]
[Site "Samarkand UZB"]
[Date "2023.12.29"]
[EventDate "2023.12.29"]
[Round "5.79"]
[Result "0-1"]
[White "Danis Kuandykuly"]
[Black "Faustino Oro"]
[WhiteElo "1718"]
[BlackElo "2105"]
[PlyCount "76"]

1. e4 e5 2. Nf3 Nc6 3. Bb5 a6 4. Ba4 Nf6 5. d3 b5 6. Bb3 Bc5 7. O-O O-O 8.
a4 Rb8 9. axb5 axb5 10. Nc3 h6 11. Nd5 d6 12. c3 Nxd5 13. Bxd5 Ne7 14. Bb3
Bg4 15. h3 Bh5 16. g4 Bg6 17. Nh4 Kh7 18. Qf3 c6 19. Qg3 d5 20. Qxe5 Bd6
21. Qd4 c5 22. Qe3 c4 23. Bc2 cxd3 24. Bxd3 Bxe4 25. Bxe4+ dxe4 26. Qxe4+
Kh8 27. Be3 Re8 28. Nf5 Nxf5 29. Qxf5 Qh4 30. Kg2 Rxe3 31. Rh1 Re7 32. Ra6
Bc7 33. Rd1 Rbe8 34. Rd7 Bb8 35. Ra8 g6 36. Qxb5 Re2 37. Qc5 Qg3+ 38. Kf1
Re1# 0-1

[Event "World Blitz 2023"]
[Site "Samarkand UZB"]
[Date "2023.12.29"]
[EventDate "2023.12.29"]
[Round "6.2"]
[Result "1-0"]
[White "Vladislav Artemiev"]
[Black "R Praggnanandhaa"]
[WhiteElo "2799"]
[BlackElo "2665"]
[PlyCount "84"]

1. Nf3 d5 2. g3 c5 3. Bg2 Nc6 4. d4 e6 5. O-O cxd4 6. Nxd4 Bc5 7. Nb3 Bb6
8. e4 d4 9. c3 e5 10. cxd4 exd4 11. Na3 Nge7 12. Bf4 O-O 13. Nc4 Be6 14.
Rc1 Ng6 15. Qd2 Nxf4 16. Qxf4 Qe7 17. Qd6 Qf6 18. e5 Qh6 19. Nxb6 axb6 20.
Rcd1 Rad8 21. Qc7 Bg4 22. Rd2 d3 23. Qxb6 Qh5 24. f4 Be2 25. Rf2 Qh6 26.
Nc1 Qe6 27. Qb3 Qe7 28. Bxc6 bxc6 29. Nxe2 dxe2 30. Rfxe2 Qc5+ 31. Kg2 Rb8
32. Qc3 Qb5 33. b3 c5 34. f5 Rfe8 35. h4 h5 36. Qc4 Qc6+ 37. Qe4 Qc7 38. e6
fxe6 39. fxe6 Rb4 40. Qg6 Qc6+ 41. Kg1 Rg4 42. Qf7+ 1-0

[Event "World Blitz 2023"]
[Site "Samarkand UZB"]
[Date "2023.12.29"]
[EventDate "2023.12.29"]
[Round "6.4"]
[Result "1-0"]
[White "Ian Nepomniachtchi"]
[Black "Denis Lazavik"]
[WhiteElo "2795"]
[BlackElo "2556"]
[PlyCount "84"]

1. e4 e5 2. f4 exf4 3. Nf3 d6 4. Bc4 h6 5. h4 Nf6 6. Nc3 Nc6 7. d4 Nh5 8.
a3 Bg4 9. Qd3 Be7 10. Bd2 a6 11. O-O-O Qd7 12. Nd5 O-O-O 13. Nxf4 Nxf4 14.
Bxf4 Kb8 15. d5 Ne5 16. Bxe5 Bxf3 17. gxf3 dxe5 18. Kb1 h5 19. Qe3 Qd6 20.
Qe2 Qf6 21. Rd3 Bc5 22. Rb3 Ka7 23. a4 Rd6 24. a5 g5 25. hxg5 Qxg5 26. Qe1
Qg2 27. Bd3 Rg6 28. Ka2 Qg3 29. Qc3 Bd6 30. Bxa6 bxa6 31. Qc6 Rb8 32. Rxb8
Kxb8 33. Rd1 Qf2 34. Rd3 Qc5 35. Rb3+ Qb4 36. Rxb4+ Bxb4 37. Qe8+ Kb7 38.
Qxf7 Rg2 39. Kb3 Bxa5 40. Qxh5 Rg3 41. Qxe5 Rxf3+ 42. c3 Rf5 1-0

[Event "World Blitz 2023"]
[Site "Samarkand UZB"]
[Date "2023.12.29"]
[EventDate "2023.12.29"]
[Round "6.5"]
[Result "1/2-1/2"]
[White "Richard Rapport"]
[Black "Johan-Sebastian Christiansen"]
[WhiteElo "2748"]
[BlackElo "2541"]
[PlyCount "128"]

1. Nf3 d5 2. g3 g6 3. Bg2 Bg7 4. O-O e5 5. d3 Ne7 6. e4 dxe4 7. dxe4 Qxd1
8. Rxd1 Bg4 9. h3 Bxf3 10. Bxf3 O-O 11. Na3 Nbc6 12. c3 a6 13. Rd7 Rac8 14.
Be3 Rfd8 15. Rad1 Bf6 16. Nc4 Rxd7 17. Rxd7 Nb8 18. Rd3 Nbc6 19. g4 Rd8 20.
Rxd8+ Nxd8 21. g5 Bg7 22. Bg4 Nec6 23. b4 b5 24. Nb2 Bf8 25. Nd3 a5 26. a3
axb4 27. axb4 Bd6 28. h4 Kf8 29. h5 Ke7 30. Be2 Nb8 31. Nc5 c6 32. Nb7 Ne6
33. Kg2 Bc7 34. Kh3 Nd7 35. hxg6 hxg6 36. Kg4 Nb6 37. Na5 Kd7 38. c4 bxc4
39. Nxc4 Nd4 40. Bxd4 exd4 41. Nb2 Bd6 42. Nd3 Na4 43. e5 Be7 44. Bd1 Nc3
45. Bb3 Ke8 46. f4 Ne4 47. Ba4 Kd7 48. Bb3 Ke8 49. Ba4 Kd7 50. Kf3 Nc3 51.
Bb3 Ke8 52. Bc4 Na4 53. Ke4 Kf8 54. Kxd4 Bxb4 55. Bb3 c5+ 56. Kc4 Nc3 57.
e6 fxe6 58. Ne5 Nd5 59. Nxg6+ Kg7 60. f5 exf5 61. Nh4 Ne3+ 62. Kd3 f4 63.
Ke4 c4 64. Bxc4 1/2-1/2

[Event "World Blitz 2023"]
[Site "Samarkand UZB"]
[Date "2023.12.29"]
[EventDate "2023.12.29"]
[Round "6.6"]
[Result "0-1"]
[White "Hans Moke Niemann"]
[Black "Anish Giri"]
[WhiteElo "2614"]
[BlackElo "2731"]
[PlyCount "128"]

1. Nf3 d5 2. b3 c5 3. e3 Nf6 4. Bb2 g6 5. c4 dxc4 6. Bxc4 Bg7 7. O-O Nc6 8.
d4 cxd4 9. Nxd4 Nxd4 10. Bxd4 O-O 11. Nc3 Qa5 12. Nb5 a6 13. Bc3 Qb6 14.
Nd4 Bg4 15. Be2 Rac8 16. Bb2 Bxe2 17. Qxe2 Rfd8 18. Rac1 Ne4 19. h3 Qa5 20.
Ba1 Qa3 21. Rc2 Nd6 22. Bb2 Rxc2 23. Bxa3 Rxe2 24. Nxe2 Ne4 25. Rc1 Bf6 26.
Bb4 Rd7 27. f3 Ng5 28. Nf4 Be5 29. Kf2 h5 30. Ne2 Ne6 31. f4 Bc7 32. g4
hxg4 33. hxg4 f6 34. a4 Kf7 35. Kf3 Bb6 36. a5 Ba7 37. Rc3 Nd8 38. Bc5 Bxc5
39. Rxc5 Nc6 40. Nc3 Rd2 41. Nd5 Rb2 42. Nc7 Rxb3 43. Nxa6 Ra3 44. Nc7 Rxa5
45. Rc1 Ra4 46. Nd5 Ra3 47. Rb1 Nd4+ 48. Kf2 Rb3 49. Rc1 Rb2+ 50. Kf1 Nc2
51. f5 gxf5 52. gxf5 e6 53. fxe6+ Kxe6 54. Nf4+ Kf5 55. Ke2 Ke4 56. Kd2
Nxe3+ 57. Kc3 Rb6 58. Nh5 Rc6+ 59. Kd2 Rxc1 60. Kxc1 Nd5 61. Kd2 b5 62.
Ng3+ Ke5 63. Ne2 f5 64. Kd3 Nf4+ 0-1

[Event "World Blitz 2023"]
[Site "Samarkand UZB"]
[Date "2023.12.29"]
[EventDate "2023.12.29"]
[Round "6.7"]
[Result "1/2-1/2"]
[White "M Amin Tabatabaei"]
[Black "Alexey Sarana"]
[WhiteElo "2573"]
[BlackElo "2707"]
[PlyCount "102"]

1. e4 c5 2. Nf3 d6 3. Bb5+ Bd7 4. Bxd7+ Nxd7 5. O-O e6 6. Qe2 Be7 7. Rd1
Ngf6 8. b3 O-O 9. Bb2 Rc8 10. c4 e5 11. Nc3 g6 12. d3 Nh5 13. Nd5 Ndf6 14.
Nxf6+ Bxf6 15. a3 Bg7 16. b4 b6 17. bxc5 bxc5 18. Rab1 f5 19. Bc1 Qd7 20.
h3 h6 21. exf5 gxf5 22. Bd2 Qf7 23. Rb3 Rce8 24. Rdb1 Re7 25. Nh4 e4 26.
Rb8 Kh7 27. Rxf8 Bxf8 28. g3 Bg7 29. dxe4 fxe4 30. Be3 Bd4 31. Rb8 Bxe3 32.
Qxe3 Ng7 33. Rd8 Qe6 34. Qf4 e3 35. Qxe3 Qxe3 36. fxe3 Rxe3 37. Rd7 Rxg3+
38. Kf2 Rg5 39. Rxa7 Kg8 40. a4 d5 41. cxd5 Rxd5 42. Ng6 Rd2+ 43. Ke3 Ra2
44. a5 Ne6 45. a6 c4 46. Ne7+ Kf8 47. Nd5 Ra3+ 48. Ke4 Nc5+ 49. Kd4 Rxa6
50. Rxa6 Nxa6 51. Ke4 1/2-1/2

[Event "World Blitz 2023"]
[Site "Samarkand UZB"]
[Date "2023.12.29"]
[EventDate "2023.12.29"]
[Round "6.9"]
[Result "1/2-1/2"]
[White "Maxim Matlakov"]
[Black "Denis Makhnev"]
[WhiteElo "2638"]
[BlackElo "2528"]
[PlyCount "72"]

1. d4 d5 2. c4 e6 3. Nf3 c6 4. g3 dxc4 5. Bg2 b5 6. O-O Nf6 7. Ne5 Bb7 8.
a4 a6 9. b3 cxb3 10. Qxb3 Qxd4 11. Bb2 Qb4 12. Qc2 Qc5 13. Qd3 Qd6 14. Qe3
Nbd7 15. axb5 axb5 16. Rxa8+ Bxa8 17. Qa7 Qb8 18. Qa1 Nxe5 19. Bxe5 Qd8 20.
Qa6 Be7 21. Bxc6+ Bxc6 22. Qxc6+ Qd7 23. Qa8+ Qd8 24. Qc6+ Qd7 25. Qa8+ Qd8
26. Qb7 b4 27. Bc7 Qd7 28. Qb8+ Bd8 29. Bd6 Ne4 30. Bxb4 f5 31. Na3 Kf7 32.
Nc4 Qc7 33. Qb5 Bf6 34. Ba5 Rb8 35. Bxc7 Rxb5 36. Nd6+ 1/2-1/2

[Event "World Blitz 2023"]
[Site "Samarkand UZB"]
[Date "2023.12.29"]
[EventDate "2023.12.29"]
[Round "6.10"]
[Result "1-0"]
[White "Sanan Sjugirov"]
[Black "Zhamsaran Tsydypov"]
[WhiteElo "2569"]
[BlackElo "2626"]
[PlyCount "86"]

1. e4 c5 2. Nf3 d6 3. d4 cxd4 4. Nxd4 Nf6 5. Nc3 a6 6. Be3 e6 7. Be2 Be7 8.
f4 Qc7 9. g4 b5 10. g5 Nfd7 11. a3 Bb7 12. f5 Nc5 13. fxe6 Nxe6 14. Nf5 g6
15. Nxe7 Qxe7 16. Qd2 Nd7 17. O-O-O O-O 18. h4 Ndc5 19. Bf3 Rac8 20. h5 a5
21. Kb1 b4 22. Nd5 Bxd5 23. exd5 Ng7 24. Bd4 bxa3 25. Qh2 Nf5 26. Bf6 Qb7
27. Bg4 Ne3 28. hxg6 fxg6 29. Qxh7+ Qxh7 30. Rxh7 Rxf6 31. gxf6 Nxg4 32.
Rdh1 Nxf6 33. Rh8+ Kf7 34. Rxc8 Nxd5 35. Rd1 Nb6 36. Rc6 Nc4 37. b3 Ne5 38.
Rcxd6 Ne4 39. Rf1+ Ke7 40. Rd4 Nc3+ 41. Ka1 Ke6 42. Re1 Kf5 43. Re3 1-0

[Event "World Blitz 2023"]
[Site "Samarkand UZB"]
[Date "2023.12.29"]
[EventDate "2023.12.29"]
[Round "6.11"]
[Result "0-1"]
[White "Andrew Hong"]
[Black "Yangyi Yu"]
[WhiteElo "2460"]
[BlackElo "2762"]
[PlyCount "102"]

1. e4 c5 2. Nf3 e6 3. d4 cxd4 4. Nxd4 a6 5. c4 Nf6 6. Nc3 Bb4 7. Qd3 d6 8.
Nc2 Bxc3+ 9. Qxc3 O-O 10. Bd3 d5 11. exd5 exd5 12. O-O Nc6 13. Bg5 dxc4 14.
Bxc4 Ne4 15. Bxd8 Nxc3 16. Bc7 Na4 17. Bb3 Nxb2 18. Ne3 Nd4 19. Bd5 Na4 20.
Kh1 Be6 21. Bxb7 Ra7 22. Be5 Rxb7 23. Bxd4 Rd8 24. Rfd1 Rbd7 25. Rab1 Bxa2
26. Ra1 Be6 27. Be5 Rxd1+ 28. Nxd1 f6 29. Ne3 Bd7 30. Bg3 Bb5 31. h3 Nc3
32. Kh2 Ne4 33. Nf5 Nxg3 34. Kxg3 Kf7 35. Rc1 Rd7 36. Rc5 g6 37. Ne3 Ke6
38. Rc8 Ra7 39. Rb8 Bd7 40. Rb6+ Kf7 41. Nd5 Be6 42. Nb4 Bc4 43. Rc6 Bb5
44. Rb6 Kg7 45. Nd5 f5 46. h4 Bc4 47. Ne3 Bf7 48. h5 a5 49. h6+ Kxh6 50.
Nxf5+ Kg5 51. Nd6 0-1

[Event "World Blitz 2023"]
[Site "Samarkand UZB"]
[Date "2023.12.29"]
[EventDate "2023.12.29"]
[Round "6.12"]
[Result "0-1"]
[White "Tigran L Petrosian"]
[Black "Vachier-Lagrave, Maxime"]
[WhiteElo "2610"]
[BlackElo "2748"]
[PlyCount "74"]

1. Nf3 d5 2. g3 g6 3. c4 dxc4 4. Na3 Bg7 5. Nxc4 Nc6 6. d3 e5 7. Bd2 Be6 8.
Rc1 Nge7 9. Bg2 O-O 10. O-O h6 11. b4 a6 12. a3 g5 13. Na5 Nxa5 14. bxa5
Re8 15. Bc3 Ng6 16. Qa4 Bd5 17. Rfd1 b5 18. Qc2 c5 19. Bd2 Rc8 20. Qb1 e4
21. Ne1 exd3 22. Qxd3 Bxg2 23. Kxg2 Qe7 24. a4 c4 25. Qb1 Qb7+ 26. Kg1 Rxe2
27. axb5 axb5 28. Bc3 Bxc3 29. Rxc3 b4 30. a6 Qa7 31. Rf3 Ne5 32. Rf5 Qxa6
33. Qxb4 Qe6 34. Qb1 c3 35. Rc1 Rxe1+ 36. Rxe1 c2 37. Qxc2 Nf3+ 0-1

[Event "World Blitz 2023"]
[Site "Samarkand UZB"]
[Date "2023.12.29"]
[EventDate "2023.12.29"]
[Round "6.14"]
[Result "1-0"]
[White "Sarin Nihal"]
[Black "Aleksey Dreev"]
[WhiteElo "2689"]
[BlackElo "2599"]
[PlyCount "98"]

1. c4 c6 2. Nf3 d5 3. e3 Nf6 4. Nc3 a6 5. b4 Bf5 6. Bb2 e6 7. a3 h6 8. Be2
Nbd7 9. O-O Bd6 10. cxd5 exd5 11. Nd4 Bh7 12. f4 O-O 13. Bf3 Bd3 14. Be2
Bh7 15. Nb3 Re8 16. Rc1 Qe7 17. Kh1 Rad8 18. Na4 Ne4 19. Qe1 b5 20. Nc3 Rc8
21. Nd4 Nxc3 22. Bxc3 c5 23. bxc5 Nxc5 24. Bf3 Ne4 25. Bxe4 Bxe4 26. Qg3 f6
27. a4 bxa4 28. Ra1 a3 29. Qg4 Kh7 30. f5 Be5 31. Ne6 Bxc3 32. dxc3 Kh8 33.
Nf4 Rxc3 34. Ng6+ Kh7 35. Nxe7 Rxe7 36. Qg6+ Kh8 37. Rfc1 Rec7 38. Rxc3
Rxc3 39. h4 Rb3 40. Kh2 a5 41. Rc1 Rb8 42. Rc7 Rg8 43. Ra7 a2 44. Rxa5 Bb1
45. Qg4 Re8 46. Qd4 Re4 47. Ra8+ Kh7 48. Qxd5 Rxh4+ 49. Kg3 1-0

[Event "World Blitz 2023"]
[Site "Samarkand UZB"]
[Date "2023.12.29"]
[EventDate "2023.12.29"]
[Round "6.15"]
[Result "0-1"]
[White "Nodirbek Yakubboev"]
[Black "AR Saleh Salem"]
[WhiteElo "2582"]
[BlackElo "2668"]
[PlyCount "64"]

1. e4 e5 2. Nf3 Nc6 3. Bb5 a6 4. Ba4 Nf6 5. O-O Be7 6. Re1 b5 7. Bb3 O-O 8.
a4 b4 9. d4 d6 10. c3 Rb8 11. Bc2 bxc3 12. bxc3 exd4 13. Nxd4 Bd7 14. Nd2
Re8 15. N2f3 h6 16. h3 Bf8 17. Bd3 Qc8 18. Bf4 Ne5 19. Bc2 a5 20. Nb5 Bc6
21. Nfd4 Bd7 22. Nf3 Rb7 23. Nxe5 dxe5 24. Be3 Qb8 25. Qe2 Be6 26. Reb1 Qa8
27. f3 Reb8 28. Qf1 c6 29. Na3 Rxb1 30. Nxb1 Nd7 31. Nd2 Bc5 32. Bxc5 Nxc5
0-1

[Event "World Blitz 2023"]
[Site "Samarkand UZB"]
[Date "2023.12.29"]
[EventDate "2023.12.29"]
[Round "6.16"]
[Result "1/2-1/2"]
[White "Renato Terry"]
[Black "Teimour Radjabov"]
[WhiteElo "2578"]
[BlackElo "2664"]
[PlyCount "120"]

1. d4 d5 2. Bg5 c6 3. e3 Nf6 4. Bd3 Bg4 5. Nf3 Nbd7 6. h3 Bh5 7. Nbd2 e6 8.
Bf4 Be7 9. c3 O-O 10. O-O c5 11. a3 Rc8 12. Rc1 Qb6 13. g4 Bg6 14. Bxg6
hxg6 15. Qb3 Qa6 16. a4 Rc6 17. Ra1 Rfc8 18. Rfe1 Rb6 19. Qc2 Rbc6 20. Qb3
Bf8 21. Kg2 b6 22. Qb5 Qb7 23. Qd3 a6 24. Bg3 b5 25. axb5 axb5 26. Ra5 c4
27. Qc2 Ra8 28. Rea1 Rca6 29. Rxa6 Rxa6 30. Rxa6 Qxa6 31. g5 Ne8 32. e4 Nb6
33. b4 Qa4 34. Qc1 Nd6 35. Bxd6 Bxd6 36. e5 Bf8 37. Ng1 Nc8 38. Ne2 Ne7 39.
Ng3 Nc6 40. Ne2 Qa2 41. Kf3 Qa8 42. Kg3 Ne7 43. Kg2 Qa2 44. Ng3 Nc6 45. Ne2
Be7 46. h4 Bf8 47. Kf1 Ne7 48. Ng3 Nc8 49. Ke1 Nb6 50. Qb1 Qa3 51. Ne2 Na4
52. Qc2 Qa1+ 53. Qb1 Qa3 54. Qc2 Nb2 55. Nc1 Qa1 56. Ke2 Na4 57. Kf1 Nxc3
58. Kg2 Bxb4 59. h5 Qa4 60. Qb2 Nd1 1/2-1/2

[Event "World Blitz 2023"]
[Site "Samarkand UZB"]
[Date "2023.12.29"]
[EventDate "2023.12.29"]
[Round "6.17"]
[Result "0-1"]
[White "Parham Maghsoodloo"]
[Black "Volodar Murzin"]
[WhiteElo "2660"]
[BlackElo "2591"]
[PlyCount "82"]

1. c4 c6 2. d4 d5 3. Nf3 Nf6 4. e3 Bf5 5. Nc3 e6 6. Nh4 Bg6 7. Bd2 Nbd7 8.
cxd5 exd5 9. Nxg6 hxg6 10. Bd3 Bd6 11. h4 g5 12. h5 g4 13. Qe2 Qe7 14.
O-O-O Qe6 15. f3 Rxh5 16. e4 O-O-O 17. e5 Bxe5 18. dxe5 Nxe5 19. Kb1 gxf3
20. gxf3 Nxd3 21. Qxd3 Qf5 22. Kc2 Qxd3+ 23. Kxd3 Rdh8 24. Rxh5 Rxh5 25.
Be3 b6 26. Bd4 Ne8 27. b4 g6 28. a4 Nd6 29. a5 Kb7 30. axb6 axb6 31. Na4
Rh3 32. Rf1 Nc4 33. Nc3 g5 34. Ke2 f5 35. Rg1 Rh2+ 36. Ke1 Nd2 37. Kd1 Nxf3
38. Rg3 Rh1+ 39. Ke2 Nxd4+ 40. Kd3 Ne6 41. Re3 Rh3 0-1

[Event "World Blitz 2023"]
[Site "Samarkand UZB"]
[Date "2023.12.29"]
[EventDate "2023.12.29"]
[Round "6.18"]
[Result "1/2-1/2"]
[White "Nikita Petrov"]
[Black "Anton Smirnov"]
[WhiteElo "2521"]
[BlackElo "2647"]
[PlyCount "80"]

1. d4 d5 2. Nf3 Nf6 3. Bf4 c5 4. e3 Nc6 5. Nbd2 Bg4 6. c3 e6 7. Qb3 Qc8 8.
Ne5 Bf5 9. Bb5 Nd7 10. Ndf3 f6 11. Nxd7 Qxd7 12. dxc5 a6 13. Bxc6 bxc6 14.
Bd6 Bxd6 15. cxd6 O-O 16. Nd4 Bg6 17. Qa3 Rfd8 18. Qa4 Be8 19. O-O Qxd6 20.
Qa5 c5 21. Ne2 Rdb8 22. b3 e5 23. Rfd1 Qc6 24. Rd2 h5 25. Rad1 Bf7 26. Ng3
g6 27. h4 Kg7 28. f3 Rb7 29. Rc1 Rb5 30. Qa3 Rb7 31. e4 c4 32. exd5 Bxd5
33. Rcd1 Qb6+ 34. Kh2 Bf7 35. Rd6 Qe3 36. Ne4 Qf4+ 37. Kg1 Qe3+ 38. Kh2
Qf4+ 39. Kg1 Qe3+ 40. Kh2 1/2-1/2

[Event "World Blitz 2023"]
[Site "Samarkand UZB"]
[Date "2023.12.29"]
[EventDate "2023.12.29"]
[Round "6.19"]
[Result "0-1"]
[White "Laurent Fressinet"]
[Black "Vladislav Kovalev"]
[WhiteElo "2636"]
[BlackElo "2539"]
[PlyCount "84"]

1. d4 Nf6 2. Nf3 e6 3. Bg5 d5 4. Nbd2 Be7 5. e3 b6 6. c3 Bb7 7. Ne5 Nfd7 8.
Bf4 Nxe5 9. dxe5 Nd7 10. Bd3 c5 11. h4 Qc7 12. Nf3 O-O-O 13. Qe2 h6 14. h5
c4 15. Bc2 Nc5 16. Nd4 Kb8 17. b4 Ne4 18. Bxe4 dxe4 19. a4 a6 20. O-O Bd5
21. Rad1 g5 22. Bg3 Bf8 23. b5 a5 24. Nc6+ Bxc6 25. bxc6 Rd3 26. Qg4 Qxc6
27. f3 exf3 28. Rb1 Bc5 29. Rxf3 Rxe3 30. Rxe3 Bxe3+ 31. Kh2 Rd8 32. Rf1
Rd7 33. Rf6 Rd2 34. Qf3 Qxf3 35. Rxf3 Bc5 36. Rf6 b5 37. axb5 a4 38. Rxh6
a3 39. Rh8+ Kb7 40. h6 a2 41. Ra8 Kxa8 42. h7 a1=Q 0-1

[Event "World Blitz 2023"]
[Site "Samarkand UZB"]
[Date "2023.12.29"]
[EventDate "2023.12.29"]
[Round "6.20"]
[Result "0-1"]
[White "M Pranesh"]
[Black "Rauf Mamedov"]
[WhiteElo "2481"]
[BlackElo "2635"]
[PlyCount "68"]

1. e4 c5 2. Nf3 d6 3. d4 cxd4 4. Nxd4 Nf6 5. Nc3 g6 6. f3 Bg7 7. Be3 Nc6 8.
Qd2 O-O 9. O-O-O d5 10. exd5 Nxd5 11. Nxc6 bxc6 12. Bd4 Bxd4 13. Qxd4 Qb6
14. Na4 Qa5 15. b3 Qc7 16. Bc4 Rd8 17. g3 Bf5 18. Qc5 Qe5 19. Qd4 Qc7 20.
Qc5 Qe5 21. Qd4 Qd6 22. Qc5 Qf6 23. c3 Nb6 24. Kb2 Nxa4+ 25. bxa4 Be6 26.
Bxe6 Qxe6 27. Ka3 Qe2 28. Rde1 Qg2 29. Reg1 Qxf3 30. Rf1 Qd5 31. Qxe7 Re8
32. Qb4 Rab8 33. Qd4 Qxd4 34. Ra1 0-1

[Event "World Blitz 2023"]
[Site "Samarkand UZB"]
[Date "2023.12.29"]
[EventDate "2023.12.29"]
[Round "6.21"]
[Result "0-1"]
[White "Shant Sargsyan"]
[Black "Aleksandr Rakhmanov"]
[WhiteElo "2633"]
[BlackElo "2521"]
[PlyCount "140"]

1. d4 Nf6 2. Nf3 g6 3. Nc3 d5 4. Bf4 c6 5. e3 Bg4 6. Be2 Bxf3 7. Bxf3 Bg7
8. h4 h5 9. Qe2 Nbd7 10. O-O-O Qa5 11. Kb1 e6 12. Qd2 Qd8 13. Rhg1 Nb6 14.
Qd3 Qe7 15. e4 dxe4 16. Nxe4 Nxe4 17. Qxe4 Qxh4 18. g4 hxg4 19. Rxg4 Qe7
20. Rgg1 Nd5 21. Bg5 Bf6 22. Bc1 Rh4 23. Bg4 Bg7 24. Qe2 Bh6 25. Bxh6 Rxh6
26. c4 Nf6 27. Bf3 Rh4 28. Qe5 Nd7 29. Qe3 Nb6 30. b3 O-O-O 31. d5 cxd5 32.
cxd5 e5 33. d6 Qd7 34. Rc1+ Kb8 35. Rc7 Qf5+ 36. Ka1 e4 37. Be2 Rxd6 38.
Rgc1 Rd8 39. Qg3 Qf4 40. Rxf7 Qxg3 41. fxg3 Rh2 42. Bb5 a6 43. Bf1 Rdd2 44.
Re1 Rxa2+ 45. Kb1 Rhb2+ 46. Kc1 Ra1+ 47. Kxb2 Rxe1 48. Bh3 Nd5 49. Be6 Nb4
50. Rf6 e3 51. Bg4 g5 52. Rg6 Rg1 53. Rxg5 Rxg3 54. Rg8+ Ka7 55. Kc3 a5 56.
Be6 Rxg8 57. Bxg8 Kb6 58. Bh7 Kc5 59. Bg8 b6 60. Bf7 Nc6 61. Bg8 Ne5 62.
Be6 b5 63. Bg8 b4+ 64. Kc2 Kd4 65. Bh7 Nc6 66. Bg6 Ne7 67. Bh7 Nd5 68. Bg6
Nf4 69. Bh7 Ke5 70. Bg8 0-1

[Event "World Blitz 2023"]
[Site "Samarkand UZB"]
[Date "2023.12.29"]
[EventDate "2023.12.29"]
[Round "6.22"]
[Result "1/2-1/2"]
[White "Arseniy Nesterov"]
[Black "Aleksandar Indjic"]
[WhiteElo "2488"]
[BlackElo "2631"]
[PlyCount "102"]

1. d4 Nf6 2. c4 e6 3. Nc3 c5 4. d5 exd5 5. cxd5 d6 6. Nf3 g6 7. h3 Bg7 8.
Bf4 O-O 9. e3 Ne8 10. Be2 Nd7 11. O-O Ne5 12. e4 Nxf3+ 13. Bxf3 b5 14. Nxb5
Ba6 15. a4 Bxb2 16. Rb1 Bxb5 17. axb5 Bd4 18. Re1 Nf6 19. Be3 Bxe3 20. Rxe3
Nd7 21. Ra3 Re8 22. Ra6 Qf6 23. Rba1 Rab8 24. Rxa7 Ne5 25. Be2 c4 26. Rb1
Rb6 27. Rc7 Qf4 28. Qd4 Reb8 29. Bxc4 h5 30. Be2 g5 31. Qe3 Qf6 32. Rbc1
Kg7 33. Rc8 g4 34. Rxb8 Rxb8 35. b6 gxh3 36. gxh3 Nd7 37. Rc6 Ne5 38. Rc1
Nd7 39. Rb1 Nc5 40. Kh1 Qe5 41. Rg1+ Kf8 42. Bf3 Rxb6 43. Qh6+ Ke7 44. Qxh5
Qxh5 45. Bxh5 Rb2 46. f3 Nd3 47. Rf1 Nf2+ 48. Kg1 Nxh3+ 49. Kh1 Kf6 50. Bg4
Nf2+ 51. Kg1 Nd3 1/2-1/2

[Event "World Blitz 2023"]
[Site "Samarkand UZB"]
[Date "2023.12.29"]
[EventDate "2023.12.29"]
[Round "6.23"]
[Result "0-1"]
[White "Alexander Riazantsev"]
[Black "Subramaniyam H Bharath"]
[WhiteElo "2621"]
[BlackElo "2435"]
[PlyCount "92"]

1. d4 Nf6 2. c4 b6 3. Nc3 Bb7 4. Nf3 g6 5. g3 Bg7 6. Bg2 O-O 7. O-O Ne4 8.
Bd2 Nxd2 9. Qxd2 d6 10. Rad1 Nd7 11. Rfe1 a6 12. d5 c5 13. dxc6 Bxc6 14.
Nd4 Bxg2 15. Kxg2 Rc8 16. b3 Qc7 17. Nd5 Qb7 18. e4 Rfe8 19. f3 e6 20. Ne3
Red8 21. Qe2 Nc5 22. Ng4 h5 23. Nf2 h4 24. Rd2 Re8 25. Rdd1 Rcd8 26. Qe3 b5
27. cxb5 axb5 28. b4 Na4 29. Qg5 Nb2 30. Rd2 Nc4 31. Rdd1 Qa7 32. Nc6 Qb6
33. Nxd8 Rxd8 34. gxh4 Ra8 35. Re2 Ra3 36. Rd3 Rxd3 37. Nxd3 Qd4 38. Nf2
Bf6 39. Qg3 Ne3+ 40. Kh3 Nc4 41. h5 Kg7 42. hxg6 fxg6 43. Ng4 Be7 44. Rg2
g5 45. Qe1 Kg6 46. Qe2 Qh8+ 0-1

[Event "World Blitz 2023"]
[Site "Samarkand UZB"]
[Date "2023.12.29"]
[EventDate "2023.12.29"]
[Round "6.24"]
[Result "0-1"]
[White "Alexander Grischuk"]
[Black "Jinshi Bai"]
[WhiteElo "2699"]
[BlackElo "2516"]
[PlyCount "88"]

1. d4 d5 2. Nf3 Nf6 3. Bf4 Bf5 4. Nh4 Bc8 5. e3 Bg4 6. Qd3 c6 7. h3 Bh5 8.
Qb3 Qb6 9. c4 Nbd7 10. Nc3 e6 11. g4 Bg6 12. Nxg6 hxg6 13. g5 Ng8 14. Qc2
Ne7 15. O-O-O Nf5 16. Kb1 Be7 17. Bd3 dxc4 18. Bxc4 Bd6 19. Ne2 O-O-O 20.
Bd3 Qc7 21. Be4 Kb8 22. Rc1 Bxf4 23. Nxf4 Nxd4 24. Qc3 e5 25. Nd5 Nb5 26.
Qc2 Qa5 27. Nc3 Nxc3+ 28. Qxc3 Qxc3 29. Rxc3 Rh4 30. f3 Nf8 31. Bc2 Ne6 32.
Bb3 Nxg5 33. Rf1 Rxh3 34. Kc1 f6 35. f4 Ne4 36. Rc2 exf4 37. exf4 Kc7 38.
Re1 Rd4 39. Rg2 Nc5 40. Bc2 Rxf4 41. Rxg6 Rh2 42. Rxg7+ Kb6 43. Rg3 Rff2
44. Rc3 Rxc2+ 0-1

[Event "World Blitz 2023"]
[Site "Samarkand UZB"]
[Date "2023.12.29"]
[EventDate "2023.12.29"]
[Round "6.1"]
[Result "1-0"]
[White "Timur Gareyev"]
[Black "Fabiano Caruana"]
[WhiteElo "2569"]
[BlackElo "2815"]
[PlyCount "82"]

1. d4 Nf6 2. c4 e6 3. Nc3 d5 4. Bg5 Be7 5. e3 Nbd7 6. Nf3 h6 7. Bh4 c6 8.
Qc2 O-O 9. a3 b6 10. cxd5 cxd5 11. Bd3 Bb7 12. O-O a6 13. a4 Nb8 14. Ne5
Nfd7 15. Bxe7 Qxe7 16. f4 Nxe5 17. fxe5 Nc6 18. Rf4 Nb4 19. Qe2 Nxd3 20.
Qxd3 b5 21. h3 bxa4 22. Nxa4 Bc6 23. Nc5 a5 24. Raf1 a4 25. R1f3 Rab8 26.
Qc2 Rb4 27. Kh2 Rc4 28. Qf2 Rc1 29. Rf6 Rxc5 30. dxc5 Be8 31. Rg3 g6 32.
Qf4 Kg7 33. Qd4 Bb5 34. e4 Rd8 35. Rgf3 Be8 36. c6 Qc7 37. exd5 Rxd5 38.
Qf4 Rc5 39. Rxe6 Bxc6 40. Qf6+ Kg8 41. Re7 1-0